Ekonomické aspekty podnikania v komanditnej spoločnosti bakalárska práca

Salvato in:
Dettagli Bibliografici
Autore principale: Sokolová, Simona
Ente Autore: Fakulta podnikového manažmentu EU. Katedra podnikovohospodárska
Altri autori: Gajdová, Denisa, 1977-
Natura: Libro
Lingua:slovacco
Pubblicazione: Bratislava 2018
Tags: Aggiungi Tag
Nessun Tag, puoi essere il primo ad aggiungerne!!

MARC

LEADER 00000nbm a2200000 4500
001 0244920
005 20181009112517.1
041 0 |a slo 
044 |a SK 
245 1 0 |a Ekonomické aspekty podnikania v komanditnej spoločnosti  |b bakalárska práca  |c Simona Sokolová ; školiteľ: Denisa Gajdová 
264 1 |a Bratislava  |c 2018 
300 |a 65 s. 
100 1 |a Sokolová, Simona 
700 1 |a Gajdová, Denisa, 1977- 
710 2 |a Fakulta podnikového manažmentu EU. Katedra podnikovohospodárska